<?xml version="1.0" encoding="UTF-8"?>
<record
    xmlns:xsi="http://www.w3.org/2001/XMLSchema-instance"
    xsi:schemaLocation="http://www.loc.gov/MARC21/slim http://www.loc.gov/standards/marcxml/schema/MARC21slim.xsd"
    xmlns="http://www.loc.gov/MARC21/slim">

  <leader>01298namaa22003011i 4500</leader>
  <controlfield tag="003">EG-GICUC</controlfield>
  <controlfield tag="005">20260215141701.0</controlfield>
  <controlfield tag="008">260215s19uu    le ||||jr|||| 000 0 ara d</controlfield>
  <datafield tag="040" ind1=" " ind2=" ">
    <subfield code="a">EG-GiCUC</subfield>
    <subfield code="b">ara</subfield>
    <subfield code="c">EG-GiCUC</subfield>
    <subfield code="d">EG-GiCUC</subfield>
    <subfield code="e">rda</subfield>
  </datafield>
  <datafield tag="082" ind1="0" ind2="4">
    <subfield code="2">21</subfield>
    <subfield code="a">031</subfield>
    <subfield code="b">Q11s</subfield>
  </datafield>
  <datafield tag="092" ind1="0" ind2="4">
    <subfield code="2">21</subfield>
    <subfield code="a">031</subfield>
    <subfield code="b">Q11s</subfield>
  </datafield>
  <datafield tag="099" ind1=" " ind2=" ">
    <subfield code="a">031 Q11s</subfield>
  </datafield>
  <datafield tag="100" ind1="1" ind2=" ">
    <subfield code="a">&#x627;&#x644;&#x642;&#x644;&#x642;&#x634;&#x646;&#x62F;&#x649;&#x60C; &#x627;&#x62D;&#x645;&#x62F; &#x628;&#x646; &#x639;&#x644;&#x649;&#x60C;</subfield>
    <subfield code="d">1355 &#x627;&#x648; 1356-1418</subfield>
    <subfield code="e">&#x645;&#x624;&#x644;&#x641;.</subfield>
  </datafield>
  <datafield tag="245" ind1="1" ind2=" ">
    <subfield code="a">&#x635;&#x628;&#x62D; &#x627;&#x644;&#x623;&#x639;&#x634;&#x649; &#x641;&#x649; &#x635;&#x646;&#x627;&#x639;&#x629; &#x627;&#x644;&#x625;&#x646;&#x634;&#x627; / </subfield>
    <subfield code="c">&#x62A;&#x623;&#x644;&#x64A;&#x641; &#x623;&#x62D;&#x645;&#x62F; &#x628;&#x646; &#x639;&#x644;&#x649; &#x627;&#x644;&#x642;&#x644;&#x642;&#x634;&#x646;&#x62F;&#x649; &#x61B; &#x634;&#x631;&#x62D;&#x647; &#x648;&#x639;&#x644;&#x642; &#x639;&#x644;&#x64A;&#x647; &#x648;&#x642;&#x627;&#x628;&#x644; &#x646;&#x635;&#x648;&#x635;&#x647; &#x645;&#x62D;&#x645;&#x62F; &#x62D;&#x633;&#x64A;&#x646; &#x634;&#x645;&#x633; &#x627;&#x644;&#x62F;&#x64A;&#x646;</subfield>
  </datafield>
  <datafield tag="264" ind1=" " ind2=" ">
    <subfield code="a">&#x628;&#x64A;&#x631;&#x648;&#x62A; (&#x644;&#x628;&#x646;&#x627;&#x646;) :</subfield>
    <subfield code="b">&#x62F;&#x627;&#x631; &#x627;&#x644;&#x641;&#x643;&#x631;&#x60C;</subfield>
    <subfield code="c">[19--]</subfield>
  </datafield>
  <datafield tag="300" ind1=" " ind2=" ">
    <subfield code="a">&#x61B; 15 &#x645;&#x62C;&#x644;&#x62F;</subfield>
    <subfield code="b">.</subfield>
    <subfield code="c">24 &#x633;&#x645;</subfield>
  </datafield>
  <datafield tag="336" ind1=" " ind2=" ">
    <subfield code="2">rdacontent</subfield>
    <subfield code="a">text</subfield>
  </datafield>
  <datafield tag="337" ind1=" " ind2=" ">
    <subfield code="2">rdamedia</subfield>
    <subfield code="a">Unmediated</subfield>
  </datafield>
  <datafield tag="338" ind1=" " ind2=" ">
    <subfield code="2">rdacarrier</subfield>
    <subfield code="a">volume</subfield>
  </datafield>
  <datafield tag="504" ind1=" " ind2=" ">
    <subfield code="a">&#x64A;&#x634;&#x62A;&#x645;&#x644; &#x639;&#x644;&#x649; &#x627;&#x631;&#x62C;&#x627;&#x639;&#x627;&#x62A; &#x628;&#x628;&#x644;&#x64A;&#x648;&#x62C;&#x631;&#x627;&#x641;&#x64A;&#x629;</subfield>
  </datafield>
  <datafield tag="505" ind1=" " ind2=" ">
    <subfield code="a">&#x627;&#x644;&#x645;&#x62C;&#x644;&#x62F; &#x627;&#x644;&#x62E;&#x627;&#x645;&#x633; &#x639;&#x634;&#x631;. &#x641;&#x647;&#x627;&#x631;&#x633;</subfield>
  </datafield>
  <datafield tag="541" ind1=" " ind2=" ">
    <subfield code="a">&#x62F;. &#x62C;&#x627;&#x628;&#x631; &#x639;&#x635;&#x641;&#x648;&#x631; &#x61B;</subfield>
    <subfield code="b">&#x627;&#x644;&#x642;&#x627;&#x647;&#x631;&#x629; &#x61B;</subfield>
    <subfield code="c">&#x625;&#x647;&#x62F;&#x627;&#x621; &#x61B;</subfield>
    <subfield code="d">2024.</subfield>
  </datafield>
  <datafield tag="650" ind1="1" ind2="7">
    <subfield code="a">&#x62F;&#x648;&#x627;&#x626;&#x631; &#x627;&#x644;&#x645;&#x639;&#x627;&#x631;&#x641; &#x648;&#x627;&#x644;&#x645;&#x639;&#x627;&#x62C;&#x645; &#x627;&#x644;&#x639;&#x631;&#x628;&#x64A;&#x629;</subfield>
    <subfield code="v">&#x627;&#x644;&#x627;&#x639;&#x645;&#x627;&#x644; &#x627;&#x644;&#x627;&#x648;&#x644;&#x64A;&#x629; &#x62D;&#x62A;&#x649;1800</subfield>
    <subfield code="2">qrmak</subfield>
  </datafield>
  <datafield tag="651" ind1="1" ind2=" ">
    <subfield code="2">qrmak</subfield>
  </datafield>
  <datafield tag="700" ind1="1" ind2=" ">
    <subfield code="a">&#x634;&#x645;&#x633; &#x627;&#x644;&#x62F;&#x64A;&#x646;&#x60C; &#x645;&#x62D;&#x645;&#x62F; &#x62D;&#x633;&#x64A;&#x646;</subfield>
    <subfield code="e">&#x645;&#x62D;&#x642;&#x642;.</subfield>
  </datafield>
  <datafield tag="905" ind1=" " ind2=" ">
    <subfield code="a">Huda</subfield>
  </datafield>
  <datafield tag="942" ind1=" " ind2=" ">
    <subfield code="2">ddc</subfield>
    <subfield code="c">BK</subfield>
    <subfield code="e">21</subfield>
    <subfield code="n">0</subfield>
  </datafield>
  <datafield tag="999" ind1=" " ind2=" ">
    <subfield code="c">178501</subfield>
    <subfield code="d">178501</subfield>
  </datafield>
  <datafield tag="952" ind1=" " ind2=" ">
    <subfield code="0">0</subfield>
    <subfield code="1">0</subfield>
    <subfield code="2">ddc</subfield>
    <subfield code="4">0</subfield>
    <subfield code="7">1</subfield>
    <subfield code="a">CUCL</subfield>
    <subfield code="b">cl410</subfield>
    <subfield code="d">2026-02-15</subfield>
    <subfield code="i">175129</subfield>
    <subfield code="l">0</subfield>
    <subfield code="o">031 Q11s v.1 J.U.</subfield>
    <subfield code="p">01000100175129001</subfield>
    <subfield code="r">2026-02-15 14:04:53</subfield>
    <subfield code="w">2026-02-15</subfield>
    <subfield code="y">BK</subfield>
  </datafield>
  <datafield tag="952" ind1=" " ind2=" ">
    <subfield code="0">0</subfield>
    <subfield code="1">0</subfield>
    <subfield code="2">ddc</subfield>
    <subfield code="4">0</subfield>
    <subfield code="7">1</subfield>
    <subfield code="a">CUCL</subfield>
    <subfield code="b">cl410</subfield>
    <subfield code="d">2026-02-15</subfield>
    <subfield code="i">175129</subfield>
    <subfield code="l">0</subfield>
    <subfield code="o">031 Q11s v.2 J.U.</subfield>
    <subfield code="p">01000100175129002</subfield>
    <subfield code="r">2026-02-15 14:06:27</subfield>
    <subfield code="w">2026-02-15</subfield>
    <subfield code="y">BK</subfield>
  </datafield>
  <datafield tag="952" ind1=" " ind2=" ">
    <subfield code="0">0</subfield>
    <subfield code="1">0</subfield>
    <subfield code="2">ddc</subfield>
    <subfield code="4">0</subfield>
    <subfield code="7">1</subfield>
    <subfield code="a">CUCL</subfield>
    <subfield code="b">cl410</subfield>
    <subfield code="d">2026-02-15</subfield>
    <subfield code="i">175129</subfield>
    <subfield code="l">0</subfield>
    <subfield code="o">031 Q11s v.3 J.U.</subfield>
    <subfield code="p">01000100175129003</subfield>
    <subfield code="r">2026-02-15 14:11:06</subfield>
    <subfield code="w">2026-02-15</subfield>
    <subfield code="y">BK</subfield>
  </datafield>
  <datafield tag="952" ind1=" " ind2=" ">
    <subfield code="0">0</subfield>
    <subfield code="1">0</subfield>
    <subfield code="2">ddc</subfield>
    <subfield code="4">0</subfield>
    <subfield code="7">1</subfield>
    <subfield code="a">CUCL</subfield>
    <subfield code="b">cl410</subfield>
    <subfield code="d">2026-02-15</subfield>
    <subfield code="i">175129</subfield>
    <subfield code="l">0</subfield>
    <subfield code="o">031 Q11s v.4 J.U.</subfield>
    <subfield code="p">01000100175129004</subfield>
    <subfield code="r">2026-02-15 14:11:30</subfield>
    <subfield code="w">2026-02-15</subfield>
    <subfield code="y">BK</subfield>
  </datafield>
  <datafield tag="952" ind1=" " ind2=" ">
    <subfield code="0">0</subfield>
    <subfield code="1">0</subfield>
    <subfield code="2">ddc</subfield>
    <subfield code="4">0</subfield>
    <subfield code="7">1</subfield>
    <subfield code="a">CUCL</subfield>
    <subfield code="b">cl410</subfield>
    <subfield code="d">2026-02-15</subfield>
    <subfield code="i">175129</subfield>
    <subfield code="l">0</subfield>
    <subfield code="o">031 Q11s v.5 J.U.</subfield>
    <subfield code="p">01000100175129005</subfield>
    <subfield code="r">2026-02-15 14:11:59</subfield>
    <subfield code="w">2026-02-15</subfield>
    <subfield code="y">BK</subfield>
  </datafield>
  <datafield tag="952" ind1=" " ind2=" ">
    <subfield code="0">0</subfield>
    <subfield code="1">0</subfield>
    <subfield code="2">ddc</subfield>
    <subfield code="4">0</subfield>
    <subfield code="7">1</subfield>
    <subfield code="a">CUCL</subfield>
    <subfield code="b">cl410</subfield>
    <subfield code="d">2026-02-15</subfield>
    <subfield code="i">175129</subfield>
    <subfield code="l">0</subfield>
    <subfield code="o">031 Q11s v.6 J.U.</subfield>
    <subfield code="p">01000100175129006</subfield>
    <subfield code="r">2026-02-15 14:12:34</subfield>
    <subfield code="w">2026-02-15</subfield>
    <subfield code="y">BK</subfield>
  </datafield>
  <datafield tag="952" ind1=" " ind2=" ">
    <subfield code="0">0</subfield>
    <subfield code="1">0</subfield>
    <subfield code="2">ddc</subfield>
    <subfield code="4">0</subfield>
    <subfield code="7">1</subfield>
    <subfield code="a">CUCL</subfield>
    <subfield code="b">cl410</subfield>
    <subfield code="d">2026-02-15</subfield>
    <subfield code="i">175129</subfield>
    <subfield code="l">0</subfield>
    <subfield code="o">031 Q11s v.7 J.U.</subfield>
    <subfield code="p">01000100175129007</subfield>
    <subfield code="r">2026-02-15 14:12:58</subfield>
    <subfield code="w">2026-02-15</subfield>
    <subfield code="y">BK</subfield>
  </datafield>
  <datafield tag="952" ind1=" " ind2=" ">
    <subfield code="0">0</subfield>
    <subfield code="1">0</subfield>
    <subfield code="2">ddc</subfield>
    <subfield code="4">0</subfield>
    <subfield code="7">1</subfield>
    <subfield code="a">CUCL</subfield>
    <subfield code="b">cl410</subfield>
    <subfield code="d">2026-02-15</subfield>
    <subfield code="i">175129</subfield>
    <subfield code="l">0</subfield>
    <subfield code="o">031 Q11s v.8 J.U.</subfield>
    <subfield code="p">01000100175129008</subfield>
    <subfield code="r">2026-02-15 14:13:24</subfield>
    <subfield code="w">2026-02-15</subfield>
    <subfield code="y">BK</subfield>
  </datafield>
  <datafield tag="952" ind1=" " ind2=" ">
    <subfield code="0">0</subfield>
    <subfield code="1">0</subfield>
    <subfield code="2">ddc</subfield>
    <subfield code="4">0</subfield>
    <subfield code="7">1</subfield>
    <subfield code="a">CUCL</subfield>
    <subfield code="b">cl410</subfield>
    <subfield code="d">2026-02-15</subfield>
    <subfield code="i">175129</subfield>
    <subfield code="l">0</subfield>
    <subfield code="o">031 Q11s v.9 J.U.</subfield>
    <subfield code="p">01000100175129009</subfield>
    <subfield code="r">2026-02-15 14:13:49</subfield>
    <subfield code="w">2026-02-15</subfield>
    <subfield code="y">BK</subfield>
  </datafield>
  <datafield tag="952" ind1=" " ind2=" ">
    <subfield code="0">0</subfield>
    <subfield code="1">0</subfield>
    <subfield code="2">ddc</subfield>
    <subfield code="4">0</subfield>
    <subfield code="7">1</subfield>
    <subfield code="a">CUCL</subfield>
    <subfield code="b">cl410</subfield>
    <subfield code="d">2026-02-15</subfield>
    <subfield code="i">175129</subfield>
    <subfield code="l">0</subfield>
    <subfield code="o">031 Q11s v.10 J.U.</subfield>
    <subfield code="p">01000100175129010</subfield>
    <subfield code="r">2026-02-15 14:14:18</subfield>
    <subfield code="w">2026-02-15</subfield>
    <subfield code="y">BK</subfield>
  </datafield>
  <datafield tag="952" ind1=" " ind2=" ">
    <subfield code="0">0</subfield>
    <subfield code="1">0</subfield>
    <subfield code="2">ddc</subfield>
    <subfield code="4">0</subfield>
    <subfield code="7">1</subfield>
    <subfield code="a">CUCL</subfield>
    <subfield code="b">cl410</subfield>
    <subfield code="d">2026-02-15</subfield>
    <subfield code="i">175129</subfield>
    <subfield code="l">0</subfield>
    <subfield code="o">031 Q11s v.11 J.U.</subfield>
    <subfield code="p">01000100175129011</subfield>
    <subfield code="r">2026-02-15 14:14:44</subfield>
    <subfield code="w">2026-02-15</subfield>
    <subfield code="y">BK</subfield>
  </datafield>
  <datafield tag="952" ind1=" " ind2=" ">
    <subfield code="0">0</subfield>
    <subfield code="1">0</subfield>
    <subfield code="2">ddc</subfield>
    <subfield code="4">0</subfield>
    <subfield code="7">1</subfield>
    <subfield code="a">CUCL</subfield>
    <subfield code="b">cl410</subfield>
    <subfield code="d">2026-02-15</subfield>
    <subfield code="i">175129</subfield>
    <subfield code="l">0</subfield>
    <subfield code="o">031 Q11s v.12 J.U.</subfield>
    <subfield code="p">01000100175129012</subfield>
    <subfield code="r">2026-02-15 14:15:06</subfield>
    <subfield code="w">2026-02-15</subfield>
    <subfield code="y">BK</subfield>
  </datafield>
  <datafield tag="952" ind1=" " ind2=" ">
    <subfield code="0">0</subfield>
    <subfield code="1">0</subfield>
    <subfield code="2">ddc</subfield>
    <subfield code="4">0</subfield>
    <subfield code="7">1</subfield>
    <subfield code="a">CUCL</subfield>
    <subfield code="b">cl410</subfield>
    <subfield code="d">2026-02-15</subfield>
    <subfield code="i">175129</subfield>
    <subfield code="l">0</subfield>
    <subfield code="o">031 Q11s v.13 J.U.</subfield>
    <subfield code="p">01000100175129013</subfield>
    <subfield code="r">2026-02-15 14:15:30</subfield>
    <subfield code="w">2026-02-15</subfield>
    <subfield code="y">BK</subfield>
  </datafield>
  <datafield tag="952" ind1=" " ind2=" ">
    <subfield code="0">0</subfield>
    <subfield code="1">0</subfield>
    <subfield code="2">ddc</subfield>
    <subfield code="4">0</subfield>
    <subfield code="7">1</subfield>
    <subfield code="a">CUCL</subfield>
    <subfield code="b">cl410</subfield>
    <subfield code="d">2026-02-15</subfield>
    <subfield code="i">175129</subfield>
    <subfield code="l">0</subfield>
    <subfield code="o">031 Q11s v.14 J.U.</subfield>
    <subfield code="p">01000100175129014</subfield>
    <subfield code="r">2026-02-15 14:15:52</subfield>
    <subfield code="w">2026-02-15</subfield>
    <subfield code="y">BK</subfield>
  </datafield>
  <datafield tag="952" ind1=" " ind2=" ">
    <subfield code="0">0</subfield>
    <subfield code="1">0</subfield>
    <subfield code="2">ddc</subfield>
    <subfield code="4">0</subfield>
    <subfield code="7">1</subfield>
    <subfield code="a">CUCL</subfield>
    <subfield code="b">cl410</subfield>
    <subfield code="d">2026-02-15</subfield>
    <subfield code="i">175129</subfield>
    <subfield code="l">0</subfield>
    <subfield code="o">031 Q11s v.15 Index J.U.</subfield>
    <subfield code="p">01000100175129015</subfield>
    <subfield code="r">2026-02-15 14:16:27</subfield>
    <subfield code="w">2026-02-15</subfield>
    <subfield code="y">BK</subfield>
  </datafield>
</record>
